1990 hits: fill in the lyrics - Statistics

General Stats
  • This quiz has been taken 77 times
  • The average score is 9 of 15
Answer Stats
Artist Lyrics Answer % Correct
Technotronic ____ up the jam, ____ it up. While your feet are stomping. And the jam is pumping. Look ahead, the crowd is jumpin'. ____ it up a little more. pump
90%
Aerosmith Janie's got a ___. Her dog day's just begun. Now everybody is on the run Because Janie's got a ___. gun
83%
Vanilla Ice You better hit bull's eye the kid don't play, and if there was a problem, yo, I'll solve it. Check out the hook while my DJ revolves it, ___, ___, ____. ice ice baby
83%
Sinéad O'Connor I said nothing can take away these blues. 'Cause _______ ________, to you. nothing compares
83%
MC Hammer I told you, homeboy, you can't _____ ____. Yeah, that's how we livin', and ya know, you can't _____ ____. touch this
78%
The B-52's I got me a car, it's as big as a whale, and we're headin' on down to the ____ _____. I got me a Chrysler, it seats about twenty, so hurry up and bring your jukebox money. love shack
76%
Michael Bolton Tell me, how am I supposed to live _______ ___. Now that I've been loving you so long? without you
75%
Madonna Let your body move to the music. Hey, hey, hey. Come on, _____. vogue
73%
Gene Loves Jezebel Something's _____. Something's _____ with you. Jealous. Something's really _____. Something's _____ with you. wrong
57%
Alannah Myles A new religion that'll bring you to your knees, _____ ______ if you please. black velvet
56%
Paula Abdul I take two steps forward, I take two steps back. We come together 'cause ________ _______. And you know it ain't fiction, just a natural fact. We come together 'cause ________ _______. opposites attract
52%
Jane's Addiction I've been caught _______, once when I was 5. I enjoy _______, it's just as simple as that. Oh well, it's just a simple fact. When I want something, man, I don't wanna pay for it. stealing
44%
INXS You want to make her suicide ______. Love devastation, suicide ______. blonde
38%
Roxette Hey, where's your work? What's your game? I know your business, don't know your name. Hold on tight, you know she's a little bit _________. dangerous
25%
Midnight Oil But if I work all day on the ____ ___ mine, there'll be food on the table tonight. Still I walk up and down on the ____ ___ mine. There'll be pay in your pocket tonight. blue sky
10%
No matching quizzes found
Score Distribution
Percent of People with Each Score
Percentile by Number Answered
Your Score History
You have not taken this quiz